Catálogo
Digital

Catálogo
Digital

Fundamentos de enfermería (Record no. 14206)

MARC details
000 -CABECERA
campo de control de longitud fija 01953nam a2200301 4500
003 - IDENTIFICADOR DEL NÚMERO DE CONTROL
campo de control EC-UNACH
005 - FECHA Y HORA DE LA ÚLTIMA TRANSACCIÓN
campo de control 20251120145731.0
006 - CÓDIGOS DE INFORMACIÓN DE LONGITUD FIJA--CARACTERÍSTICAS DEL MATERIAL ADICIONAL
campo de control de longitud fija s||||gr|||| 00| 00
008 - DATOS DE LONGITUD FIJA--INFORMACIÓN GENERAL
campo de control de longitud fija 150116t9999 mx r gr 000 0 spa d
020 ## - NÚMERO INTERNACIONAL ESTÁNDAR DEL LIBRO
Número Internacional Estándar del Libro 978-8493-13-301-6
040 ## - FUENTE DE LA CATALOGACIÓN
Centro catalogador/agencia de origen EC-UNACH
Centro/agencia transcriptor EC-UNACH
041 ## - CÓDIGO DE LENGUA
Código de lengua del texto/banda sonora o título independiente spa
082 04 - NÚMERO DE LA CLASIFICACIÓN DECIMAL DEWEY
Número de edición 23
Número de clasificación 610.73
Número de documento/Ítem L018349
110 ## - ENTRADA PRINCIPAL--NOMBRE DE ENTIDAD CORPORATIVA
Nombre de entidad corporativa o nombre de jurisdicción como elemento de entrada Ediciones DAE
245 ## - MENCIÓN DE TÍTULO
Título Fundamentos de enfermería
250 ## - MENCIÓN DE EDICIÓN
Mención de edición Primera edición
264 ## - Producción, publicación, distribución, fabricación y copyright
Lugar de producción, publicación, distribución, fabricación España
Nombre del de productor, editor, distribuidor, fabricante Ediciones DAE
Fecha de de producción, publicación, distribución, fabricación o copyright 2012
300 ## - DESCRIPCIÓN FÍSICA
Extensión 420
505 ## - NOTA DE CONTENIDO CON FORMATO
Nota de contenido con formato - La enfermería como profesión: Capitulo primero 1. Configuración y evolución de la enfermería -- Institucionalización de la enfermería como profesión --. El lenguaje de los cuidados --. Los cuidados como núcleo de la profesión enfermera. -- Capitulo II. Ciencia y ética del cuidado enfermeros -- Desarrollo histórico del conocimiento y del método científico -- La acción de cuidar: una forma de comportamiento práctico moral. -- Capitulo III. Modelos de cuidados -- Los modelos de cuidados -- Corrientes del pensamiento enfermero -- Corrientes del pensamiento enfermero. -- Capitulo IV. Metodología para el cuidado enfermero -- El proceso de cuidar y su instrumento metodológico -- Juicio diagnóstico: valoración y diagnóstico -- Juicio y acción terapéutica: planificación, ejecución y evaluación -- Descripción y análisis de las clasificaciones NANDA, NOC y NIC14. Complejidad y pragmatismo: el uso de las taxonomías. -- Capitulo V. Modelos teóricos para la práctica -- El modelo de Dorothea E. Orem -- El modelo de Jean Watson.
650 ## - PUNTO DE ACCESO ADICIONAL DE MATERIA--TÉRMINO DE MATERIA
Término de materia o nombre geográfico como elemento inicial LA ENFERMERIA COMO APORTACIÓN ESPECIFICA A LA SOCIEDAD
650 ## - PUNTO DE ACCESO ADICIONAL DE MATERIA--TÉRMINO DE MATERIA
Término de materia o nombre geográfico como elemento inicial EL CONCEPTO DE CUIDADO
650 ## - PUNTO DE ACCESO ADICIONAL DE MATERIA--TÉRMINO DE MATERIA
Término de materia o nombre geográfico como elemento inicial EL PROCESO DE CUIDAR
700 ## - PUNTO DE ACCESO ADICIONAL--NOMBRE DE PERSONA
Nombre de persona Amparo Benavent Garcés / Esperanza Ferrer Ferrandis / Cristina Francisco del Rey
942 ## - ELEMENTOS DE PUNTO DE ACCESO ADICIONAL (KOHA)
Fuente del sistema de clasificación o colocación Clasificación Decimal Dewey
Tipo de ítem Koha Libros
999 ## - NÚMEROS DE CONTROL DE SISTEMA (KOHA)
Koha biblionumber 14206
Holdings
Estado de pérdida Fuente del sistema de clasificación o colocación Estado dañado No para préstamo Localización permanente Ubicación/localización actual Ubicación en estantería Fecha de adquisición Fuente de adquisición Número de inventario Total de préstamos Signatura topográfica completa Código de barras Fecha visto por última vez Precio válido a partir de Tipo de ítem Koha Centro de costos
  Clasificación Decimal Dewey     Biblioteca Campus Norte Biblioteca Campus Norte Facultad de Ciencias de la Salud - Generalidades 20/11/2025 Transitoria segunda Resolución N°0311-CU-UNACH-SE-ORD-16-09-24 39933459   610.73 BEN L018349 L018349 20/11/2025 20/11/2025 Libros  

Powered by Koha